zpět

Detail výsledku týmu

Pivnice U Badinů, Brno

Datum a čas kvízu

36 Celkem bodů Celkový počet nahraných bodů na tomto kvízu bez doplňovacích otázek.
3. Pořadí na kvízu Konečné umístění týmu na tomto kvízu.

Zaznamenané odpovědi

# Otázka Odpověď Body Výsledky
1. V úterý, v den jarní rovnodenn... 0
2. Německé město Trevír minulý tý... 1
3. Kdo poslouchal dne 21. března... 1
4. Majitelé účtů v České spořitel... 0
5. Ačkoli sportovní novináři i fa... 1
6. Budeme se zabývat slovy, která... 0
7. Bezpečnostní informační služba... 0
8. Který známý japonský spisovate... 0
9. Logo které mezinárodní organiz... 1
10. Jak se jmenuje zřícenina hradu... 1